Finish the TV Show Titles (2000s) Quiz Stats

 Plays Quiz Updated Oct 26, 2017

Challenge
Share
Tweet
Embed
Score 0/30 Timer 05:00
6 Plays Today
Start of Title Last Word % Correct
Malcolm in theMiddle
97.5%
Six FeetUnder
97%
Dora theExplorer
97%
Parks andRecreation
96.3%
Pimp MyRide
92.8%
Dancing with theStars
91.2%
Sons ofAnarchy
90.6%
Lie toMe
89.1%
Nip/Tuck
88.9%
Friday NightLights
88.1%
BattlestarGalactica
87.8%
Curb YourEnthusiasm
86.8%
8 SimpleRules
86.7%
CougarTown
85.7%
That's SoRaven
85.6%
Start of Title Last Word % Correct
My Name IsEarl
85.1%
Extreme Makeover: HomeEdition
84.7%
Harvey Birdman, Attorney atLaw
84.6%
The ColbertReport
77.6%
Yo GabbaGabba!
76.2%
Avatar: The LastAirbender
76.1%
Without a Trace
73.6%
BurnNotice
70.1%
The FairlyOddParents
69.6%
My Wife andKids
69.5%
PushingDaisies
67.3%
The New Adventures of OldChristine
65.2%
Joan ofArcadia
57.3%
Aqua Teen HungerForce
56.1%
Flight of theConchords
46.4%

You're not logged in!

Compare scores with friends on all Sporcle quizzes.
OR
Log In

You Might Also Like...

Show Comments

Extras

Top Quizzes Today


Score Distribution

Your Account Isn't Verified!

In order to create a playlist on Sporcle, you need to verify the email address you used during registration. Go to your Sporcle Settings to finish the process.

Report this User

Report this user for behavior that violates our Community Guidelines.

Details: